00259nam a2200097Ia 4500008004100000100002600041245003500067260003300102300000800135650001800143191201s1952 xx 000 0 und d aPEALE, Norman Vincent 4aThe Power of Positive Thinking aN.DelhibFawcett Booksc1952 a210 aGeneral Books